000 00400nam a2200157Ia 4500
003 GCL
008 140319s9999 xx 000 0 eng d
040 _aGCL /
_cGCL
082 0 4 _a895.62
_bT M
100 1 _aTAKAYA, TED
245 1 0 _aMODERN JAPANESE DRAMA /
_cTAKAYA, TED
260 _a[S.N] :
_bCOLUMBIA UNIVERSITY PRASS ،
_c1979
300 _a277 P
650 0 4 _aJAPAN - DRAMA
942 _2ddc
_cBK
999 _c24190
_d24190